[Event "Manchester op"]
[Site "Bolton"]
[Date "2023.08.20"]
[Round "4"]
[White "Parry, Samuel A"]
[Black "Longson, Sarah N"]
[Result "0-1"]
[WhiteElo "1796"]
[BlackElo "2016"]
[PlyCount "130"]
[EventDate "2023.08.18"]
[EventType "swiss"]
[EventRounds "5"]
[EventCountry "ENG"]
[SourceTitle "CBM 215 Extra"]
[Source "ChessBase"]
[SourceDate "2023.09.30"]
[SourceVersion "1"]
[SourceVersionDate "2023.09.30"]
[SourceQuality "1"]

1. d4 d5 2. Bf4 Nf6 3. e3 c5 4. c3 Nc6 5. Nd2 cxd4 6. cxd4 Qb6 7. Qb3 Qxb3 8. Nxb3 Bf5 9. Rc1 Rc8 10. Nf3 Nh5 11. Bb5 Nxf4 12. exf4 Bd7 13. Nc5 Nb8 14. Be2 b6 15. Nd3 Rxc1+ 16. Nxc1 e6 17. 0-0 Bd6 18. g3 f6 19. Bd3 Nc6 20. Re1 Kf7 21. Ne2 Nb4 22. Bb1 Rc8 23. Nc3 a6 24. Re3 b5 25. a3 Nc6 26. b4 Ne7 27. Nd2 a5 28. Na2 Nc6 29. bxa5 Nxd4 30. Nb3 Nc6 31. Bd3 Rb8 32. Nb4 Nxb4 33. axb4 Bxb4 34. Re2 Ra8 35. Rc2 Ra7 36. Kg2 Bxa5 37. Nxa5 Rxa5 38. Rc7 Ke7 39. Rb7 h6 40. h4 Kd6 41. Rb8 Bc6 42. Kh3 e5 43. fxe5+ fxe5 44. Rg8 Ra7 45. Rb8 Kc5 46. h5 b4 47. Bc2 Ra2 48. Bb3 Rxf2 49. Rc8 Kd6 50. Rd8+ Bd7+ 51. Rxd7+ Kxd7 52. Bxd5 Kd6 53. Bb3 e4 54. Bc4 e3 55. Kg4 e2 56. Bxe2 Rxe2 57. Kf5 b3 58. Kg6 b2 59. Kxg7 b1Q 60. g4 Re7+ 61. Kf6 Qf1+ 62. Kg6 Re6+ 63. Kg7 Qf6+ 64. Kg8 Re8+ 65. Kh7 Rh8# 0-1

[Event "BCF-chT3N 1920 (4NCL)"]
[Site "England"]
[Date "2020.01.12"]
[Round "4.13"]
[White "Jayawarna, Tarini"]
[Black "Parry, Samuel A"]
[Result "0-1"]
[WhiteElo "1637"]
[BlackElo "1840"]
[PlyCount "40"]
[EventDate "2019.11.09"]
[EventType "team-swiss"]
[EventRounds "11"]
[EventCountry "ENG"]
[SourceTitle "EXT 2022"]
[Source "ChessBase"]
[SourceDate "2021.10.06"]
[SourceVersion "1"]
[SourceVersionDate "2021.10.06"]
[SourceQuality "1"]
[WhiteTeam "Manchester Manticores IV"]
[BlackTeam "J'Adoube II"]
[WhiteTeamCountry "ENG"]
[BlackTeamCountry "ENG"]

1. e4 c5 2. Nf3 d6 3. d4 cxd4 4. Nxd4 Nf6 5. Nc3 g6 6. Be3 Bg7 7. f3 0-0 8. Qd2 Nc6 9. 0-0-0 d5 10. Be2 dxe4 11. fxe4 Nxd4 12. Bxd4 Be6 13. Kb1 Rc8 14. Qe3 Qa5 15. h3 Rfd8 16. Bxa7 Nxe4 17. Bd4 Rxc3 18. Qxe4 Qxa2+ 19. Kc1 Bh6+ 20. Be3 Qa1# 0-1

[Event "BCF-chT3N 1920 (4NCL)"]
[Site "England"]
[Date "2019.11.09"]
[Round "1.42"]
[White "Parry, Samuel A"]
[Black "Paul, Nathanael"]
[Result "0-1"]
[WhiteElo "1840"]
[BlackElo "2072"]
[PlyCount "96"]
[EventDate "2019.11.09"]
[EventType "team-swiss"]
[EventRounds "11"]
[EventCountry "ENG"]
[SourceTitle "EXT 2022"]
[Source "ChessBase"]
[SourceDate "2021.10.06"]
[SourceVersion "1"]
[SourceVersionDate "2021.10.06"]
[SourceQuality "1"]
[WhiteTeam "J'Adoube II"]
[BlackTeam "Shropshire"]
[WhiteTeamCountry "ENG"]
[BlackTeamCountry "ENG"]

1. d4 d5 2. Nc3 Nf6 3. Bg5 e6 4. e4 Bb4 5. exd5 Qxd5 6. Nf3 c5 7. Bxf6 gxf6 8. a3 Bxc3+ 9. bxc3 Rg8 10. g3 Bd7 11. Bg2 Bb5 12. Nh4 Qc4 13. Qd3 Nc6 14. Qxc4 Bxc4 15. 0-0-0 0-0-0 16. dxc5 Rxd1+ 17. Rxd1 Rg5 18. Nf3 Rxc5 19. Nd4 Bd5 20. Bxd5 Rxd5 21. Nxc6 Rxd1+ 22. Kxd1 bxc6 23. Ke2 Kc7 24. Kd3 Kb6 25. Kc4 c5 26. g4 Kc6 27. h3 h6 28. a4 a6 29. a5 Kd6 30. f4 Kc6 31. h4 f5 32. gxf5 exf5 33. Kd3 Kb5 34. h5 f6 35. c4+ Kb4 36. Kd2 Kxc4 37. c3 Kb5 38. Kd3 Kxa5 39. Kc4 Kb6 40. Kb3 c4+ 41. Kxc4 a5 42. Kd5 a4 43. Ke6 a3 44. Kxf5 a2 45. Kg6 a1Q 46. Kxh6 Qg1 47. Kh7 Kc7 48. h6 Kd7 0-1

[Event "GBR-ch U14 106th"]
[Site "Torquay"]
[Date "2019.08.02"]
[Round "6"]
[White "Parry, Samuel A"]
[Black "Lokwani, Lakshya"]
[Result "1/2-1/2"]
[WhiteElo "1607"]
[BlackElo "1572"]
[PlyCount "81"]
[EventDate "2019.07.28"]
[EventType "swiss"]
[EventRounds "7"]
[EventCountry "ENG"]
[SourceTitle "EXT 2020"]
[Source "ChessBase"]
[SourceDate "2019.10.17"]
[SourceVersion "1"]
[SourceVersionDate "2019.10.17"]
[SourceQuality "1"]

1. d4 Nf6 2. Bg5 g6 3. Bxf6 exf6 4. e3 d5 5. c4 dxc4 6. Bxc4 Bd6 7. Nc3 c6 8. Nge2 Nd7 9. Bd3 f5 10. Qc2 Nf6 11. h3 Qe7 12. 0-0-0 Be6 13. Kb1 0-0-0 14. g3 Kb8 15. Nf4 Bc8 16. Bc4 g5 17. Nfe2 Ne4 18. Nxe4 fxe4 19. Nc3 f5 20. Rhg1 Rde8 21. Rde1 Bb4 22. a3 Bxc3 23. Qxc3 Rhf8 24. Ref1 f4 25. g4 h5 26. Be2 f3 27. Bc4 hxg4 28. hxg4 Rh8 29. Rg3 Rh4 30. Rfg1 Reh8 31. Qc2 Rh1 32. Qd1 Rxg1 33. Qxg1 Qh7 34. Bb3 Qh1 35. Bc2 Qh7 36. Ka1 Qe7 37. Qb1 Re8 38. Rg1 Qe6 39. Qa2 Qe7 40. Qb1 b5 41. b4 1/2-1/2

[Event "GBR-ch U14 106th"]
[Site "Torquay"]
[Date "2019.07.28"]
[Round "1"]
[White "Pettit, Felicity Ol"]
[Black "Parry, Samuel A"]
[Result "1/2-1/2"]
[WhiteElo "1233"]
[BlackElo "1607"]
[PlyCount "80"]
[EventDate "2019.07.28"]
[EventType "swiss"]
[EventRounds "7"]
[EventCountry "ENG"]
[SourceTitle "EXT 2020"]
[Source "ChessBase"]
[SourceDate "2019.10.17"]
[SourceVersion "1"]
[SourceVersionDate "2019.10.17"]
[SourceQuality "1"]

1. c4 Nf6 2. g3 g6 3. Bg2 Bg7 4. Nf3 0-0 5. 0-0 d6 6. Nc3 Nc6 7. d3 e5 8. Bg5 h6 9. Bd2 Re8 10. a3 a5 11. Qc2 Bf5 12. Nd1 e4 13. dxe4 Nxe4 14. Qc1 Nxd2 15. Qxd2 Qd7 16. Rc1 Bh3 17. e3 Bxg2 18. Kxg2 Rad8 19. b4 axb4 20. axb4 Ne7 21. Nc3 c6 22. Rfd1 Qe6 23. Qd3 d5 24. c5 Nf5 25. Nd4 Nxd4 26. exd4 Qf6 27. b5 Ra8 28. Rc2 Ra3 29. b6 Rea8 30. Qd2 Ra1 31. Ne2 Rxd1 32. Qxd1 Qe6 33. Rd2 Qe4+ 34. Kg1 Qf3 35. Nf4 Qxd1+ 36. Rxd1 Ra4 37. Ne2 g5 38. Kf1 f5 39. Kg2 Kf7 40. Rd3 Rc4 1/2-1/2

[Event "GBR-ch Soanes op 106th"]
[Site "Torquay"]
[Date "2019.07.27"]
[Round "2"]
[White "Chadwick, Susan E"]
[Black "Parry, Samuel A"]
[Result "0-1"]
[WhiteElo "1453"]
[BlackElo "1607"]
[PlyCount "50"]
[EventDate "2019.07.26"]
[EventType "swiss"]
[EventRounds "5"]
[EventCountry "ENG"]
[SourceTitle "EXT 2021"]
[Source "ChessBase"]
[SourceDate "2020.10.23"]
[SourceVersion "1"]
[SourceVersionDate "2020.10.23"]
[SourceQuality "1"]

1. d4 Nf6 2. c4 g6 3. Nc3 Bg7 4. e4 d6 5. Nf3 0-0 6. Be2 e5 7. d5 Na6 8. 0-0 Nc5 9. Qc2 a5 10. Bg5 h6 11. Be3 b6 12. Bc1 Nh7 13. Nd2 f5 14. f3 f4 15. Nb3 g5 16. Nxc5 dxc5 17. b3 h5 18. Qd2 Rf6 19. Nb5 Bf8 20. Bb2 Bd6 21. Rf2 g4 22. fxg4 hxg4 23. Raf1 Rg6 24. Kh1 g3 25. hxg3 fxg3 0-1

[Event "BCF-chT4S 1819 (4NCL)"]
[Site "England"]
[Date "2019.05.04"]
[Round "9.105"]
[White "Parry, Samuel A"]
[Black "Morrison, Munroe L"]
[Result "1/2-1/2"]
[WhiteElo "1560"]
[BlackElo "1675"]
[PlyCount "36"]
[EventDate "2018.11.17"]
[EventType "team-swiss"]
[EventRounds "11"]
[EventCountry "ENG"]
[SourceTitle "EXT 2021"]
[Source "ChessBase"]
[SourceDate "2020.10.23"]
[SourceVersion "1"]
[SourceVersionDate "2020.10.23"]
[SourceQuality "1"]
[WhiteTeam "Wood Green Youth"]
[BlackTeam "Shropshire III"]
[WhiteTeamCountry "ENG"]
[BlackTeamCountry "ENG"]

1. d4 Nf6 2. Bg5 d5 3. Bxf6 exf6 4. e3 Bd6 5. c4 c6 6. Nc3 dxc4 7. Bxc4 0-0 8. Bd3 f5 9. Qf3 g6 10. h3 Qg5 11. Nge2 a6 12. h4 Qg4 13. Qxg4 fxg4 14. Ne4 Be7 15. N2g3 f5 16. Bc4+ Kg7 17. Ng5 Rf6 18. e4 Bb4+ 1/2-1/2

[Event "World School-ch U15"]
[Site "Antalya"]
[Date "2019.04.24"]
[Round "7"]
[White "Parry, Samuel A"]
[Black "Dahanayake, Isara Banidu"]
[Result "0-1"]
[WhiteElo "1560"]
[BlackElo "1706"]
[PlyCount "60"]
[EventDate "2019.04.18"]
[EventType "swiss"]
[EventRounds "9"]
[EventCountry "TUR"]
[SourceTitle "CBM 190 Extra"]
[Source "ChessBase"]
[SourceDate "2019.07.15"]
[SourceVersion "1"]
[SourceVersionDate "2019.07.15"]
[SourceQuality "1"]

1. d4 Nf6 2. Bg5 d5 3. Bxf6 exf6 4. e3 g6 5. c4 dxc4 6. Bxc4 Bd6 7. Nc3 c6 8. h3 0-0 9. Bd3 Qe7 10. Nge2 Nd7 11. Kf1 f5 12. g4 fxg4 13. hxg4 Nf6 14. g5 Ng4 15. Ne4 f5 16. gxf6 Nxf6 17. Nxd6 Qxd6 18. Nf4 Nd5 19. Qb3 Kg7 20. Nxd5 cxd5 21. Kg1 Qf6 22. Rh2 Qd6 23. Rc1 Rf7 24. Rc5 Be6 25. Qc2 Raf8 26. f4 Bd7 27. Qg2 Qe6 28. Qf3 Bc6 29. Re2 Kh8 30. Kf2 Qd6 0-1

[Event "BCF-ch U14"]
[Site "Hull"]
[Date "2018.07.31"]
[Round "3"]
[White "Parry, Samuel A"]
[Black "Akeya Price, Robert A"]
[Result "1/2-1/2"]
[WhiteElo "1464"]
[BlackElo "1820"]
[PlyCount "53"]
[EventDate "2018.07.29"]
[EventType "swiss"]
[EventRounds "7"]
[EventCountry "ENG"]
[SourceTitle "CBM 186 Extra"]
[Source "ChessBase"]
[SourceDate "2018.08.24"]
[SourceVersion "1"]
[SourceVersionDate "2018.08.24"]
[SourceQuality "1"]

1. d4 d5 2. Bf4 Bf5 3. e3 Nf6 4. Bd3 Bg6 5. Nf3 c5 6. c3 Qb6 7. Bxg6 hxg6 8. Qc2 Nc6 9. Nbd2 Rc8 10. dxc5 Qxc5 11. Nb3 Qb6 12. h3 e6 13. Qe2 Be7 14. 0-0 Na5 15. Nxa5 Qxa5 16. Nd4 a6 17. Rfc1 Rc4 18. Qc2 b5 19. b3 Rc8 20. Qd3 0-0 21. a4 b4 22. cxb4 Bxb4 23. Nc6 Qb6 24. Nxb4 Qxb4 25. Qxa6 Rxc1+ 26. Rxc1 Qxb3 27. Rc7 1/2-1/2

[Event "BCF-ch U14"]
[Site "Hull"]
[Date "2018.07.30"]
[Round "2"]
[White "Bansal, Saahil"]
[Black "Parry, Samuel A"]
[Result "0-1"]
[WhiteElo "1454"]
[BlackElo "1464"]
[PlyCount "150"]
[EventDate "2018.07.29"]
[EventType "swiss"]
[EventRounds "7"]
[EventCountry "ENG"]
[SourceTitle "CBM 186 Extra"]
[Source "ChessBase"]
[SourceDate "2018.08.24"]
[SourceVersion "1"]
[SourceVersionDate "2018.08.24"]
[SourceQuality "1"]

1. d4 Nf6 2. c4 g6 3. Nc3 Bg7 4. g3 0-0 5. Bg2 d6 6. Nf3 Nc6 7. 0-0 Bf5 8. a3 Ne4 9. Nxe4 Bxe4 10. d5 Bxf3 11. Bxf3 Ne5 12. Qb3 Nxf3+ 13. Qxf3 Qd7 14. Rb1 b5 15. Qd3 Rab8 16. b4 c6 17. dxc6 Qxc6 18. cxb5 Qxb5 19. Qxb5 Rxb5 20. a4 Rb7 21. Be3 Rc8 22. b5 f5 23. Rfc1 Rbc7 24. Rxc7 Rxc7 25. b6 axb6 26. Rxb6 d5 27. Rb8+ Kf7 28. Bb6 Rc4 29. a5 Bd4 30. Bd8 Ra4 31. Rb5 Ke6 32. Rb7 Bc5 33. Rb5 Ba3 34. Bb6 Kd6 35. Be3 d4 36. Bf4+ Kc6 37. Rb6+ Kc5 38. Rb7 Kc4 39. Bd2 Bd6 40. Ra7 Ra2 41. Bg5 Rxe2 42. a6 Kb5 43. Ra8 d3 44. Kf1 Bc5 45. a7 Ka6 46. h4 Rxf2+ 47. Ke1 Re2+ 48. Kd1 Bb4 49. Kc1 Re1+ 50. Kb2 d2 51. Rd8 Kxa7 52. Bxd2 Re2 53. Kc1 Rxd2 54. Rxd2 Bxd2+ 55. Kxd2 Kb6 56. Ke3 Kc5 57. Kf3 Kd5 58. h5 gxh5 59. Kf4 e5+ 60. Kg5 e4 61. Kf4 Kd4 62. g4 hxg4 63. Kg3 e3 64. Kg2 Kd3 65. Kf1 Kd2 66. Kg2 e2 67. Kh2 e1Q 68. Kg2 Qe2+ 69. Kg3 Qf3+ 70. Kh2 Ke2 71. Kg1 Ke3 72. Kh2 Qf2+ 73. Kh1 Qa2 74. Kg1 g3 75. Kh1 Qh2# 0-1

[Event "BCF-ch U14"]
[Site "Hull"]
[Date "2018.07.29"]
[Round "1"]
[White "Parry, Samuel A"]
[Black "Sanitt, Leo"]
[Result "1/2-1/2"]
[WhiteElo "1464"]
[BlackElo "1702"]
[PlyCount "38"]
[EventDate "2018.07.29"]
[EventType "swiss"]
[EventRounds "7"]
[EventCountry "ENG"]
[SourceTitle "CBM 186 Extra"]
[Source "ChessBase"]
[SourceDate "2018.08.24"]
[SourceVersion "1"]
[SourceVersionDate "2018.08.24"]
[SourceQuality "1"]

1. d4 e6 2. Nf3 Nf6 3. Bf4 d5 4. e3 Nbd7 5. Nbd2 c5 6. c3 Be7 7. h3 c4 8. Qc2 b5 9. e4 Nb6 10. e5 Nfd7 11. h4 h6 12. g4 g6 13. Bg3 Ba6 14. Ng1 Qc7 15. f4 0-0 16. Ngf3 Rfb8 17. Bh3 b4 18. f5 Nf8 19. Nf1 bxc3 1/2-1/2